Normal view
MARC view
Entry Topical Term
001 - CONTROL NUMBER
- control field: 18180
003 - CONTROL NUMBER IDENTIFIER
- control field: ARRUPE
005 - DATE AND TIME OF LATEST TRANSACTION
- control field: 20150715171341.0
008 - FIXED-LENGTH DATA ELEMENTS
- fixed length control field: 150715|| aca||aabn | a|a d
040 ## - CATALOGING SOURCE
- Original cataloging agency: ARRUPE
- Transcribing agency: ARRUPE
150 ## - HEADING--TOPICAL TERM
- Topical term or geographic name as entry element: Masowe Apostles
- General subdivision: Addresses
670 ## - SOURCE DATA FOUND
- Source citation: Work cat.: (ARRUPE): Dillon-Malone, Clive 18179, Articles by Clive Dillon-Malone, S.J., 1983